Digital signal processing : A hands-on approach

Enregistré dans:
Détails bibliographiques
Auteur principal: Schuler, Charles
Format: Livre
Langue:Undetermined
Publié: Boston, MA. McGraw-Hill Higher Education 2005
Sujets:
Tags: Ajouter un tag
Pas de tags, Soyez le premier à ajouter un tag!
Thư viện lưu trữ: Trung tâm Học liệu Trường Đại học Cần Thơ
LEADER 00578nam a2200205Ia 4500
001 CTU_214643
008 210402s9999 xx 000 0 und d
082 |a 621.3822 
082 |b S386 
100 |a Schuler, Charles 
245 0 |a Digital signal processing : 
245 2 |b A hands-on approach 
245 0 |c Charles Schuler, Mahesh Chugani. 
260 |a Boston, MA. 
260 |b McGraw-Hill Higher Education 
260 |c 2005 
650 |a Signal processing 
650 |x Digital techniques. 
904 |i Minh 
980 |a Trung tâm Học liệu Trường Đại học Cần Thơ